000 00601nam a2200217Ia 4500
003 OSt
005 20220927105717.0
006 a|||||r|||| 00| 0
007 ta
008 220926b |||||||| |||| 00| 0 eng d
024 _a200936
037 _cReference Collections
040 _aRTL
_cRTL
_beng
041 _2eng
_aeng
082 _a"a14,3m3,N.N79, L9.1/RR"
245 0 _aBritish books in print
260 _aLondon
_bWhitaker
_c1979
300 _a2682p.
_ccm.
942 _h"a14,3m3,N.N79, L9.1/RR"
_cCC
999 _c694018
_d694018